Anthology on caring / (Record no. 7927)
[ view plain ]
| 000 -LEADER | |
|---|---|
| fixed length control field | 00654cam a2200229 a 4500 |
| 001 - CONTROL NUMBER | |
| control field | 4859678 |
| 005 - DATE AND TIME OF LATEST TRANSACTION | |
| control field | 20251030093127.0 |
| 008 - FIXED-LENGTH DATA ELEMENTS--GENERAL INFORMATION | |
| fixed length control field | 910710s1991 nyu b 000 0 eng |
| 020 ## - INTERNATIONAL STANDARD BOOK NUMBER | |
| International Standard Book Number | 0887375162 |
| 020 ## - INTERNATIONAL STANDARD BOOK NUMBER | |
| International Standard Book Number | 9780887375163 |
| 050 00 - LIBRARY OF CONGRESS CALL NUMBER | |
| Classification number | RT84.5 |
| Item number | .A58 1991 |
| 082 00 - DEWEY DECIMAL CLASSIFICATION NUMBER | |
| Classification number | 610.73/01 |
| Edition information | 20 |
| 245 00 - TITLE STATEMENT | |
| Title | Anthology on caring / |
| Statement of responsibility, etc. | edited by Peggy L. Chinn. |
| 260 ## - PUBLICATION, DISTRIBUTION, ETC. | |
| Place of publication, distribution, etc. | New York : |
| Name of publisher, distributor, etc. | National League for Nursing Press, |
| Date of publication, distribution, etc. | c1991. |
| 300 ## - PHYSICAL DESCRIPTION | |
| Extent | xvi, 353 p. ; |
| Dimensions | 23 cm. |
| 500 ## - GENERAL NOTE | |
| General note | "Pub. no. 15-2392." |
| 650 #0 - SUBJECT ADDED ENTRY--TOPICAL TERM | |
| Topical term or geographic name entry element | Nursing |
| General subdivision | Philosophy. |
| 650 #0 - SUBJECT ADDED ENTRY--TOPICAL TERM | |
| Topical term or geographic name entry element | Nursing |
| General subdivision | Psychological aspects. |
| 650 #0 - SUBJECT ADDED ENTRY--TOPICAL TERM | |
| Topical term or geographic name entry element | Caring. |
| 700 1# - ADDED ENTRY--PERSONAL NAME | |
| Personal name | Chinn, Peggy L. |
| 942 ## - ADDED ENTRY ELEMENTS (KOHA) | |
| Source of classification or shelving scheme | Library of Congress Classification |
| Koha item type | Books |
| Suppress in OPAC | No |
| 999 ## - | |
| -- | 7927 |
| -- | 7927 |
| Withdrawn status | Lost status | Source of classification or shelving scheme | Damaged status | Not for loan | Collection | Home library | Current library | Shelving location | Date acquired | Total checkouts | Full call number | Barcode | Date last seen | Copy number | Price effective from | Koha item type |
|---|---|---|---|---|---|---|---|---|---|---|---|---|---|---|---|---|
| Library of Congress Classification | Non-fiction | Science Library (Miotso) | Science Library (Miotso) | General stacks | 10/30/2025 | RT84.5 .A58 ANT | SLM00004981 | 10/30/2025 | 1 | 10/30/2025 | Books |